| 000 | 01540cam a2200373 a 4500 | ||
|---|---|---|---|
| 001 | 1103919 | ||
| 003 | NUST - PNEC | ||
| 005 | 20170116181147.0 | ||
| 008 | 930928m19929999pk b 000 0 eng | ||
| 010 | _a 92931605 | ||
| 020 | _a9694780004 : | ||
| 020 | _a9694130573 : | ||
| 025 | _aP-E-026403 13/1-67 | ||
| 040 | _cLIBRARY | ||
| 043 |
_aa-ii--- _aa-pk--- |
||
| 050 | 0 | 0 |
_aDS480.82 _b.J525 1992 |
| 082 | _a954.91 WAH | ||
| 100 | 1 |
_aJinnah, Mahomed Ali, Edited by Waheed Ahmed _d1876-1948. _915090 |
|
| 245 | 1 | 4 |
_aThe nation's voice, towards consolidation : _bspeeches and statements / _cQuaid-i-Azam Mohammad Ali Jinnah ; edited by Waheed Ahmad. |
| 246 | 1 |
_iVol. 7 has title: _aThe nation's voice |
|
| 260 |
_aKarachi, Pakistan : _bQuaid-i-Azam Academy, _c1992-<2003> |
||
| 300 |
_av. <1-3, 7> ; _c22 cm. |
||
| 440 | 0 |
_aDocumentation series (Pakistan) ; _v6-8, 12 |
|
| 500 | _aVol. 7 has title: The nation's voice | ||
| 504 | _aIncludes bibliographical references. | ||
| 505 | 1 | _a[v. 1] March 1935-March 1940 -- v. 2. United we win -- v. 3. Unity, faith, and discipline -- v. 7. Launching the state and the end of the journey | |
| 650 | 0 |
_aPakistan movement. _xGeneral |
|
| 651 | 0 |
_aIndia _xPolitics and government _y1919-1947. |
|
| 700 | 1 | _aAhmad, Waheed. | |
| 906 |
_a7 _bcbc _corignew _d3 _encip _f19 _gy-gencatlg |
||
| 942 |
_2ddc _cBK |
||
| 999 |
_c70756 _d70756 |
||